000 00238nam a2200097Ia 4500
001 1207502
005 20250827022827.0
008 250824s9999 xx 000 0 und d
245 0 _aTİAMAT
_cİHSAN OKTAY ANAR
260 _bEVEREST YAYINLARI
999 _c1207502
_d1207502